European Countries With 'U' Quiz Stats

Quiz Updated Aug 3, 2016

Challenge
Share
Tweet
Embed
Score 0/13 Timer 03:00
2 Plays Today
Answer % Correct
United Kingdom
96.1%
Ukraine
89.5%
Russia
88.8%
Portugal
88.7%
Austria
86.9%
Belgium
86.2%
Turkey
84.9%
Hungary
84%
Luxembourg
82.6%
Lithuania
81.7%
Bulgaria
80.5%
Belarus
80%
Cyprus
71.2%

You're not logged in!

Compare scores with friends on all Sporcle quizzes.
Join for Free
OR
Log In

You Might Also Like...

Show Comments

Extras

Top Quizzes Today


Score Distribution

Your Account Isn't Verified!

In order to create a playlist on Sporcle, you need to verify the email address you used during registration. Go to your Sporcle Settings to finish the process.

Report this User

Report this user for behavior that violates our Community Guidelines.

Details: